[Event "La Vega op 3rd"]
[Site "La Vega"]
[Date "2019.08.24"]
[Round "8"]
[White "Hernandez Sanchez, Jairo Andres"]
[Black "Miletich, Dragomir"]
[Result "1-0"]
[WhiteElo "2412"]
[BlackElo "2142"]
[PlyCount "67"]
[EventDate "2019.08.20"]
[EventType "swiss"]
[EventRounds "9"]
[EventCountry "DOM"]
[SourceTitle "EXT 2020"]
[Source "ChessBase"]
[SourceDate "2019.10.17"]
[SourceVersion "1"]
[SourceVersionDate "2019.10.17"]
[SourceQuality "1"]

1. c4 Nf6 2. Nf3 e6 3. b3 d5 4. Bb2 dxc4 5. bxc4 c5 6. e3 Be7 7. Nc3 0-0 8. Qb1 Nc6 9. Ng5 b6 10. h4 Bb7 11. Ne2 g6 12. Ng3 Qd7 13. h5 Rfd8 14. Bc3 e5 15. Be2 Nb4 16. Nxh7 Kxh7 17. hxg6+ Kg8 18. gxf7+ Kxf7 19. d4 exd4 20. exd4 Rh8 21. Rxh8 Rxh8 22. d5 Nbxd5 23. cxd5 Bxd5 24. Qd3 Qe6 25. 0-0-0 Bxa2 26. Re1 Rd8 27. Bh5+ Kf8 28. Qg6 Qc4 29. Ne4 Nxh5 30. Qh6+ Kg8 31. Qh8+ Kf7 32. Qxh5+ Kf8 33. Qh6+ Kf7 34. Qg7+ 1-0

[Event "DOM-chT"]
[Site "Santiago de los Caballeros"]
[Date "2017.08.18"]
[Round "2.3"]
[White "Miletich, Dragomir"]
[Black "Mercado, Ramon"]
[Result "1-0"]
[WhiteElo "2136"]
[BlackElo "2018"]
[PlyCount "37"]
[EventDate "2017.08.17"]
[EventType "team-swiss"]
[EventRounds "6"]
[EventCountry "DOM"]
[SourceTitle "EXT 2019"]
[Source "ChessBase"]
[SourceDate "2018.10.10"]
[SourceVersion "1"]
[SourceVersionDate "2018.10.10"]
[SourceQuality "1"]
[WhiteTeam "Santiago de los Caballeros"]
[BlackTeam "Hermanos Vargas"]
[WhiteTeamCountry "DOM"]
[BlackTeamCountry "DOM"]

1. d4 e6 2. Nf3 f5 3. g3 Nf6 4. Bg2 d5 5. 0-0 Bd6 6. c4 c6 7. Bf4 0-0 8. Bxd6 Qxd6 9. Ne5 Bd7 10. Qb3 Qc7 11. Nc3 Be8 12. Rfd1 Nbd7 13. Nxd7 Qxd7 14. f3 Bh5 15. Rd2 Kh8 16. Nd1 Rad8 17. Nf2 Qf7 18. c5 Rd7 19. Nd3 1-0

[Event "DOM-chT"]
[Site "Santiago de los Caballeros"]
[Date "2017.08.18"]
[Round "3.3"]
[White "Zorrilla Jimenez, Wilber Edwin"]
[Black "Miletich, Dragomir"]
[Result "1/2-1/2"]
[WhiteElo "2068"]
[BlackElo "2136"]
[PlyCount "99"]
[EventDate "2017.08.17"]
[EventType "team-swiss"]
[EventRounds "6"]
[EventCountry "DOM"]
[SourceTitle "EXT 2019"]
[Source "ChessBase"]
[SourceDate "2018.10.10"]
[SourceVersion "1"]
[SourceVersionDate "2018.10.10"]
[SourceQuality "1"]
[WhiteTeam "Hato Mayor"]
[BlackTeam "Santiago de los Caballeros"]
[WhiteTeamCountry "DOM"]
[BlackTeamCountry "DOM"]

1. e4 c5 2. Nf3 d6 3. c3 Nf6 4. Bd3 g6 5. h3 Bg7 6. Bc2 0-0 7. 0-0 Nc6 8. d3 d5 9. Qe2 e5 10. Nbd2 Re8 11. Re1 b6 12. Ba4 Bb7 13. Nf1 a6 14. Bg5 dxe4 15. dxe4 b5 16. Bc2 h6 17. Bxf6 Qxf6 18. Ne3 Ne7 19. Ng4 Qc6 20. Qe3 h5 21. Nh6+ Bxh6 22. Qxh6 Qf6 23. Qe3 c4 24. Qc5 Nc6 25. a4 Qe7 26. Qxe7 Rxe7 27. axb5 axb5 28. Rxa8+ Bxa8 29. Rd1 Ra7 30. Rd2 Ra1+ 31. Kh2 Kg7 32. Rd7 Rc1 33. Bd1 Kf6 34. h4 Ke6 35. Rd5 f6 36. Be2 Rc2 37. Rd2 Rxd2 38. Nxd2 Na5 39. f3 Bc6 40. Bd1 f5 41. Bc2 Kf6 42. Kg3 f4+ 43. Kf2 g5 44. hxg5+ Kxg5 45. Nb1 Nb7 46. b4 h4 47. Nd2 Nd6 48. Bd1 Bd7 49. Be2 Be6 50. Bf1 1/2-1/2

[Event "Santiago de los Caballeros op"]
[Site "Santiago de los Caballeros"]
[Date "2015.11.08"]
[Round "4"]
[White "Miletich, Dragomir"]
[Black "Arvelo Leo, Gian Carlo"]
[Result "1/2-1/2"]
[WhiteElo "2172"]
[BlackElo "2129"]
[PlyCount "150"]
[EventDate "2015.11.06"]
[EventType "swiss"]
[EventRounds "6"]
[EventCountry "DOM"]
[SourceTitle "CBM 169 Extra"]
[Source "ChessBase"]
[SourceDate "2015.12.18"]
[SourceVersion "1"]
[SourceVersionDate "2015.12.18"]
[SourceQuality "1"]

1. d4 Nf6 2. Nf3 g6 3. g3 Bg7 4. Bg2 0-0 5. 0-0 d6 6. c4 Nbd7 7. Nc3 e5 8. dxe5 dxe5 9. Qc2 c6 10. Rd1 Qe7 11. e4 Ne8 12. b3 Nc7 13. Be3 Ne6 14. Bh3 Ndc5 15. b4 Nd4 16. Bxd4 exd4 17. Bxc8 dxc3 18. bxc5 Raxc8 19. e5 Qxc5 20. Rab1 b5 21. Qxc3 Rfe8 22. Rd7 Rcd8 23. Qd2 Rc8 24. cxb5 cxb5 25. Rd5 Qc3 26. Qf4 Rc4 27. Rd4 Rxd4 28. Nxd4 Bxe5 29. Nxb5 Qd3 30. Qc1 Rb8 31. Rb3 Qd5 32. Nc7 Rc8 33. Nxd5 Rxc1+ 34. Kg2 Rc2 35. a3 Bd4 36. Ne3 Ra2 37. Kf3 Bc5 38. Rb5 Bxe3 39. fxe3 Rxa3 40. g4 Kg7 41. g5 a6 42. Rb8 h5 43. Ra8 Ra4 44. h3 Ra1 45. Kg2 a5 46. h4 Ra4 47. Kh3 Ra3 48. Kg2 Ra4 49. Kg3 Re4 50. Rxa5 Rxe3+ 51. Kg2 Re4 52. Kg3 Rg4+ 53. Kh3 Kf8 54. Ra8+ Ke7 55. Ra7+ Ke6 56. Ra6+ Ke7 57. Ra7+ Kf8 58. Ra8+ Kg7 59. Rb8 Re4 60. Ra8 Re3+ 61. Kg2 Re1 62. Ra3 Re6 63. Ra7 Rd6 64. Kg3 Kf8 65. Rb7 Ke8 66. Ra7 Rd7 67. Ra6 Ke7 68. Rf6 Rd6 69. Rf4 Rd3+ 70. Kg2 Rd5 71. Kg3 Rf5 72. Re4+ Kd6 73. Re2 Kd5 74. Re7 Kd6 75. Ra7 Ke6 1/2-1/2

[Event "Santiago de los Caballeros op"]
[Site "Santiago de los Caballeros"]
[Date "2015.11.06"]
[Round "1"]
[White "Rodriguez Pena, Carlos Moises"]
[Black "Miletich, Dragomir"]
[Result "0-1"]
[WhiteElo "1824"]
[BlackElo "2172"]
[PlyCount "108"]
[EventDate "2015.11.06"]
[EventType "swiss"]
[EventRounds "6"]
[EventCountry "DOM"]
[SourceTitle "CBM 169 Extra"]
[Source "ChessBase"]
[SourceDate "2015.12.18"]
[SourceVersion "1"]
[SourceVersionDate "2015.12.18"]
[SourceQuality "1"]

1. e4 c5 2. Nf3 d6 3. d4 cxd4 4. Nxd4 Nf6 5. Nc3 a6 6. Bc4 e6 7. 0-0 Nc6 8. Be3 Qc7 9. Bb3 Bd7 10. f4 Be7 11. Qe2 0-0 12. Rad1 b5 13. a3 Nxd4 14. Bxd4 e5 15. fxe5 dxe5 16. Rxf6 Bxf6 17. Nd5 Qc6 18. Rf1 exd4 19. Rxf6 Qc5 20. Rf2 Be6 21. Qf3 Rfd8 22. Rd2 d3+ 23. Kh1 dxc2 24. Rxc2 Qd4 25. h3 Ra7 26. Qe2 Rad7 27. Rc6 Rd6 28. Rc7 Rxd5 29. Bxd5 Bxd5 30. exd5 Qxd5 31. Qe7 h5 32. Rc5 Qd1+ 33. Kh2 Qd6+ 34. Qxd6 Rxd6 35. Rc2 h4 36. g3 hxg3+ 37. Kxg3 Kh7 38. Rc3 Kg6 39. Kg4 f5+ 40. Kf4 Kf6 41. Rc5 g5+ 42. Ke3 f4+ 43. Ke2 Re6+ 44. Kf2 Re3 45. Kg2 Rg3+ 46. Kh2 Rb3 47. Rc2 Ke5 48. Rc5+ Ke4 49. Rxg5 Rxb2+ 50. Rg2 Rxg2+ 51. Kxg2 a5 52. h4 b4 53. axb4 a4 54. b5 Kd5 0-1